| 000 | 00689cam a22002413a 4500 | ||
|---|---|---|---|
| 001 | 21111 | ||
| 003 | PGUSA | ||
| 005 | 20140828083441.0 | ||
| 008 | 070416s2007||||xxu|||||s|||||000 | eng d | ||
| 040 |
_aPGUSA _beng |
||
| 042 | _adc | ||
| 050 | 4 | _aQH | |
| 100 | 1 |
_aBrightwen, _cMrs _q(Eliza Elder), _d1830-1906 |
|
| 245 | 1 | 0 |
_aWild Nature Won By Kindness _h[electronic resource] / _cBrightwen, |
| 260 |
_bProject Gutenberg, _c2007 |
||
| 500 | _aIllustrated by the author. | ||
| 506 | _aPublic domain in the USA. | ||
| 516 | _aElectronic text | ||
| 653 | _aAnimals -- Anecdotes | ||
| 830 | 0 |
_aProject Gutenberg _v21111 |
|
| 856 | 4 | 0 | _uhttp://www.gutenberg.org/ebooks/21111 |
| 942 | _cEB | ||
| 999 |
_c250366 _d250366 |
||